Selected writings of Rev Ferdinand Kitel (Record no. 126085)
[ view plain ]
| 000 -LEADER | |
|---|---|
| fixed length control field | 00868nam a2200325Ia 4500 |
| 003 - CONTROL NUMBER IDENTIFIER | |
| control field | OSt |
| 005 - DATE AND TIME OF LATEST TRANSACTION | |
| control field | 20240404150947.0 |
| 008 - FIXED-LENGTH DATA ELEMENTS--GENERAL INFORMATION | |
| fixed length control field | 210210b2020 xxu||||| |||| 00| 0 eng d |
| 020 ## - INTERNATIONAL STANDARD BOOK NUMBER | |
| International Standard Book Number | 9789387135642 |
| 040 ## - CATALOGING SOURCE | |
| Transcribing agency | AL |
| 041 ## - LANGUAGE CODE | |
| Language code of text/sound track or separate title | English |
| 082 ## - DEWEY DECIMAL CLASSIFICATION NUMBER | |
| Classification number | 894.9 NAVS |
| 100 ## - MAIN ENTRY--PERSONAL NAME | |
| Personal name | NAVADA (A V) Ed |
| 9 (RLIN) | 158630 |
| 245 ## - TITLE STATEMENT | |
| Title | Selected writings of Rev Ferdinand Kitel |
| Remainder of title | On Kannada language, literature and culture |
| 260 ## - PUBLICATION, DISTRIBUTION, ETC. | |
| Place of publication, distribution, etc. | Hampi |
| Name of publisher, distributor, etc. | Prasaranga |
| Date of publication, distribution, etc. | 2020 |
| 300 ## - PHYSICAL DESCRIPTION | |
| Extent | xcv,804 |
| 650 ## - SUBJECT ADDED ENTRY--TOPICAL TERM | |
| Topical term or geographic name entry element | writings |
| 9 (RLIN) | 158631 |
| 650 ## - SUBJECT ADDED ENTRY--TOPICAL TERM | |
| Topical term or geographic name entry element | Selected |
| 9 (RLIN) | 158632 |
| 650 ## - SUBJECT ADDED ENTRY--TOPICAL TERM | |
| Topical term or geographic name entry element | Rev |
| 9 (RLIN) | 158633 |
| 650 ## - SUBJECT ADDED ENTRY--TOPICAL TERM | |
| Topical term or geographic name entry element | On |
| 9 (RLIN) | 158634 |
| 650 ## - SUBJECT ADDED ENTRY--TOPICAL TERM | |
| Topical term or geographic name entry element | literature |
| 9 (RLIN) | 158635 |
| 650 ## - SUBJECT ADDED ENTRY--TOPICAL TERM | |
| Topical term or geographic name entry element | language, |
| 9 (RLIN) | 158636 |
| 650 ## - SUBJECT ADDED ENTRY--TOPICAL TERM | |
| Topical term or geographic name entry element | Kittel |
| 9 (RLIN) | 158637 |
| 650 ## - SUBJECT ADDED ENTRY--TOPICAL TERM | |
| Topical term or geographic name entry element | Kannada |
| 9 (RLIN) | 158638 |
| 650 ## - SUBJECT ADDED ENTRY--TOPICAL TERM | |
| Topical term or geographic name entry element | Ferdinend |
| 9 (RLIN) | 158639 |
| 650 ## - SUBJECT ADDED ENTRY--TOPICAL TERM | |
| Topical term or geographic name entry element | culture |
| 9 (RLIN) | 158640 |
| 690 ## - LOCAL SUBJECT ADDED ENTRY--TOPICAL TERM (OCLC, RLIN) | |
| Topical term or geographic name as entry element | Kannada Criticism |
| 9 (RLIN) | 158641 |
| 906 ## - LOCAL DATA ELEMENT F, LDF (RLIN) | |
| a | 074491 |
| 942 ## - ADDED ENTRY ELEMENTS (KOHA) | |
| Source of classification or shelving scheme | Dewey Decimal Classification |
| Koha item type | Book |
| Withdrawn status | Lost status | Damaged status | Not for loan | Collection code | Home library | Current library | Shelving location | Date acquired | Source of acquisition | Cost, normal purchase price | Total Checkouts | Full call number | Barcode | Date last seen | Price effective from | Koha item type |
|---|---|---|---|---|---|---|---|---|---|---|---|---|---|---|---|---|
| St Aloysius Library | St Aloysius Library | 02/17/2021 | Gayatri Navada, Hampi Vishvavidyalaya, Vidyaranya-583276 | 800.00 | 894.9 NAVS | 074491 | 02/17/2021 | 02/17/2021 | Book |